ბათუმის შოთა რუსთაველის სახელმწიფო უნივერსიტეტის ბიბლიოთეკა

საკონსტიტუციო სამართალწარმოების კანონმდებლობა და პრაქტიკა : (ბიბ.ჩანაწერი № 59515)

000 -ლიდერი
ფიქსირებული სიგრძის საკონტროლო ველი 01624nam a22002177a 4500
003 - საკონტროლო ნომრის იდენტიფიკატორი
საკონტროლო ველი Ge_BSU
005 - ბოლო ოპერაციის თარიღი და დრო
საკონტროლო ველი 20230307111822.0
008 - ფიქსირებული სიგრძის მონაცემთა ელემენტები - ზოგადი ინფორმაცია
ფიქსირებული სიგრძის საკონტროლო ველი 230307s2000 ge ||||| |||| 00| 0 geo d
041 ## - ენის კოდი
Language code of text/sound track or separate title geo
080 ## - უნივერსალური ათობითი კლასიფიკაციის ინდექსი
Universal Decimal Classification number 342.565.2(479.22)(094.5) ს-19
245 ## - ცნობა სათაურის შესახებ
Title საკონსტიტუციო სამართალწარმოების კანონმდებლობა და პრაქტიკა :
Remainder of title სამართლებრივი ოლიმპიადის "ადამიანი და კონსტიტუცია" სახელმძღვანელო მასალა /
Statement of responsibility, etc საქართველოს ახალგაზრდა იურისტთა ასოციაცია ; რედაქტორი ირაკლი სესიაშვილი.
250 ## - გამოცემის ცნობა
Edition statement მე-2 გამოცემა.
264 ## - წარმოების, გამოცემის, დისტრიბუციის და სხვა ცნობები
გამოცემის, წარმოების, დისტრიბუციის... ადგილი თბილისი,
გამოცემის, წარმოების, დისტრიბუციის... თარიღი 2000.
300 ## - ფიზიკური აღწერა
Extent 396 გვ. ;
Other physical details 20 სმ.
500 ## - ზოგადი შენიშვნა
General note კრებული გამოიცა საქართველოს ახალგაზრდა იურისტთა ასოციაციის მიერ.
653 ## - INDEX TERM--UNCONTROLLED
Uncontrolled term საქართველოს კანონი საკონსტიტუციო სასამართლოს შესახებ.
653 ## - INDEX TERM--UNCONTROLLED
Uncontrolled term სამართალი
700 ## - ADDED ENTRY--PERSONAL NAME
Personal name სესიაშვილი, ირაკლი
Relator term რედაქტორი
9 (RLIN) 17125
710 ## - ADDED ENTRY--CORPORATE NAME
Corporate name or jurisdiction name as entry element საქართველოს ახალგაზრდა იურისტთა ასოციაცია.
9 (RLIN) 16851
942 ## - ADDED ENTRY ELEMENTS (KOHA)
Source of classification or shelving scheme
Koha item type წიგნი
ეგზემპლარები
ჩამოწერის სტატუსი დაკარგული ეგზემპლარის სტატუსი კლასიფიკაციის წყარო ან თაროზე გაწყობის სქემა დაზიანების სტატუსი არ გაიცემა მუდმივი მდებარეობა (დაცვის ადგილი) ამჟამინდელი ადგილსამყოფელი თაროზე განთავსების ადგილი შეძენის თარიღი ღირებულება, შესყიდვის ნორმალური ფასი სრული შენახვის შიფრი შტრიხკოდი ბოლო ოპერაციის თარიღი ეგზემპლარის მიმდევრობითი ნომერი (კეტერი?) ფასის ძალაში შესვლის თარიღი ეგზემპლარის სახეობა საჯარო შენიშვნა
          ბათუმის შოთა რუსთაველის სახელმწიფო უნივერსიტეტის მთავარი ბიბლიოთეკა ბათუმის შოთა რუსთაველის სახელმწიფო უნივერსიტეტის მთავარი ბიბლიოთეკა წიგნსაცავი 2023-03-07 8.00 342.565.2(479.22)(094.5) ს-19 63866 2023-03-07 63866 2023-03-07 წიგნი 8 ლ.